[Event "8th Hainan Danzhou"]
[Site "Danzhou CHN"]
[Date "2017.07.09"]
[EventDate "2017.07.09"]
[Round "1.2"]
[Result "1/2-1/2"]
[White "Arkadij Naiditsch"]
[Black "Yu Yangyi"]
[WhiteElo "2712"]
[BlackElo "2753"]
[PlyCount "72"]

1. e4 e5 2. Nf3 Nf6 3. Nc3 Nc6 4. Bb5 Bc5 5. O-O O-O 6. d3 Nd4
7. Nxd4 Bxd4 8. Bc4 c6 9. Bb3 a5 10. a4 d5 11. exd5 Nxd5
12. Qe1 Be6 13. Nxd5 Bxd5 14. Bxd5 Qxd5 15. Qe2 Rad8 16. Be3
Rfe8 17. Rfe1 Re6 18. Bxd4 Qxd4 19. b3 Qc3 20. Rad1 Rd5
21. Qd2 Qxd2 22. Rxd2 Kf8 23. Kf1 Ke7 24. h4 e4 25. Red1 exd3
26. Rxd3 Rxd3 27. Rxd3 Re5 28. f3 b5 29. c4 bxa4 30. bxa4 h5
31. Kf2 g6 32. Rd4 Re6 33. Rd3 Re5 34. Rd4 Re6 35. Rd3 Re5
36. Rd4 Re6 1/2-1/2

[Event "8th Hainan Danzhou"]
[Site "Danzhou CHN"]
[Date "2017.07.09"]
[EventDate "2017.07.09"]
[Round "1.4"]
[Result "1/2-1/2"]
[White "Le Quang Liem"]
[Black "Ruslan Ponomariov"]
[WhiteElo "2726"]
[BlackElo "2699"]
[PlyCount "80"]

1. d4 Nf6 2. c4 e6 3. Nf3 d5 4. g3 Bb4+ 5. Bd2 Be7 6. Bg2 c6
7. O-O Nbd7 8. Qc2 b6 9. Rd1 Bb7 10. Bf4 Rc8 11. Nc3 dxc4
12. Ne5 Nd5 13. Nxc4 Nxf4 14. gxf4 O-O 15. e3 Qc7 16. a4 a6
17. Qb3 b5 18. Ne5 Nxe5 19. dxe5 Rb8 20. Ne4 c5 21. axb5 axb5
22. Ra7 Qb6 23. Rda1 Rfd8 24. Nd6 Bxd6 25. exd6 Bc8 26. Qc3
Qxd6 27. Bf3 e5 28. Qxe5 Qxe5 29. fxe5 Be6 30. Kf1 g6 31. Ke1
c4 32. Be4 b4 33. Rc7 Rdc8 34. Rxc8+ Rxc8 35. Ra5 c3 36. bxc3
Rxc3 37. Rb5 Rb3 38. Bd5 Rb1+ 39. Ke2 Bxd5 40. Rxd5 b3 1/2-1/2

[Event "8th Hainan Danzhou"]
[Site "Danzhou CHN"]
[Date "2017.07.10"]
[EventDate "2017.07.09"]
[Round "2.2"]
[Result "1/2-1/2"]
[White "Ruslan Ponomariov"]
[Black "Lu Shanglei"]
[WhiteElo "2699"]
[BlackElo "2638"]
[PlyCount "94"]

1. c4 e6 2. g3 Nf6 3. Bg2 d5 4. Nf3 c5 5. cxd5 Nxd5 6. O-O Nc6
7. d4 Be7 8. dxc5 Bxc5 9. Qc2 Qe7 10. Nc3 Nxc3 11. Qxc3 O-O
12. Bf4 f6 13. Rac1 Bb6 14. Be3 Bxe3 15. Qxe3 e5 16. Nd2 Nd4
17. Nb3 Nxb3 18. Qxb3+ Be6 19. Qa4 Rfd8 20. Rfd1 Rxd1+
21. Rxd1 h6 22. b3 Kh8 23. e3 Rd8 24. Rxd8+ Qxd8 25. h4 Bd5
26. e4 Bc6 27. Qxa7 Qd1+ 28. Kh2 Qc2 29. b4 Kh7 30. a3 Bxe4
31. Qc5 Qb1 32. a4 Bxg2 33. Kxg2 Qe4+ 34. Kh2 f5 35. Qe3 Qxb4
36. Qxe5 Qb1 37. a5 h5 38. Qe2 g6 39. Qe7+ Kg8 40. Qf6 Kh7
41. Qf7+ Kh6 42. Qg8 Qb2 43. Kg2 Qe5 44. Qf8+ Kh7 45. Qf7+ Kh6
46. Qf8+ Kh7 47. Qf7+ Kh6 1/2-1/2

[Event "8th Hainan Danzhou"]
[Site "Danzhou CHN"]
[Date "2017.07.11"]
[EventDate "2017.07.09"]
[Round "3"]
[Result "1/2-1/2"]
[White "Arkadij Naiditsch"]
[Black "Vassily Ivanchuk"]
[WhiteElo "2712"]
[BlackElo "2729"]
[PlyCount "93"]

1. e4 c5 2. Nf3 e6 3. d4 cxd4 4. Nxd4 a6 5. c4 Nf6 6. Nc3 Qc7
7. Be2 Bb4 8. O-O O-O 9. Qd3 d6 10. Bd2 Nbd7 11. Nb3 Ne5
12. Qd4 Nc6 13. Qe3 Bd7 14. Rac1 Rac8 15. a3 Na5 16. Na1 Bc5
17. Qg3 Bd4 18. Nc2 Be5 19. f4 Bxc3 20. Bxc3 e5 21. Bd3 Qb6+
22. Kh1 Nxc4 23. fxe5 dxe5 24. Bxc4 Rxc4 25. Qxe5 Ba4 26. Nb4
Qe6 27. Qg3 Qg4 28. Bxf6 Rxc1 29. Rxc1 Qxg3 30. hxg3 gxf6
31. Rc7 Rb8 32. Kg1 Kg7 33. Kf2 a5 34. Nd5 Bc6 35. g4 Rd8
36. Ke3 Bxd5 37. exd5 Rxd5 38. Rxb7 Rg5 39. Kf4 h5 40. gxh5
Rxg2 41. Rb5 a4 42. Rb4 Kh6 43. Kf3 Rh2 44. Rxa4 Rxb2 45. Ra5
f5 46. Rxf5 Rb3+ 47. Ke4 1/2-1/2

[Event "8th Hainan Danzhou"]
[Site "Danzhou CHN"]
[Date "2017.07.11"]
[EventDate "2017.07.09"]
[Round "3"]
[Result "1/2-1/2"]
[White "Le Quang Liem"]
[Black "Yu Yangyi"]
[WhiteElo "2726"]
[BlackElo "2753"]
[PlyCount "108"]

1. d4 Nf6 2. c4 e6 3. Nf3 d5 4. Nc3 Be7 5. Bf4 O-O 6. e3 c5
7. dxc5 Bxc5 8. a3 Nc6 9. Qc2 Qa5 10. Rd1 Re8 11. Nd2 e5
12. Bg5 Nd4 13. Qb1 Bf5 14. Bd3 Bxd3 15. Qxd3 Ne4 16. cxd5
Nxc3 17. bxc3 Nb5 18. Ne4 Nd6 19. Nxd6 Bxd6 20. e4 Rec8
21. Bd2 Qa4 22. O-O Qc4 23. Qf3 Bxa3 24. h4 Rf8 25. h5 f6
26. Ra1 Bd6 27. Qf5 Qc8 28. Qxc8 Rfxc8 29. Rfb1 b6 30. Kf1 Bc5
31. Ke2 Rc7 32. Ra6 Rb8 33. Rba1 Rbb7 34. f4 Bd6 35. fxe5 Bxe5
36. Kd3 Kf7 37. Rc1 Ke7 38. c4 Kd7 39. Be3 Rc8 40. Rb1 Rcc7
41. c5 bxc5 42. Rxb7 c4+ 43. Ke2 Rxb7 44. Rxa7 Rxa7 45. Bxa7
f5 46. Bc5 fxe4 47. Ke3 c3 48. Kxe4 c2 49. Ba3 Bf6 50. Kd3 Be7
51. Bb2 Bf6 52. Ba3 Be7 53. Bb2 Bf6 54. Ba3 Be7 1/2-1/2

[Event "8th Hainan Danzhou"]
[Site "Danzhou CHN"]
[Date "2017.07.12"]
[EventDate "2017.07.09"]
[Round "4"]
[Result "1/2-1/2"]
[White "Vassily Ivanchuk"]
[Black "Ruslan Ponomariov"]
[WhiteElo "2729"]
[BlackElo "2699"]
[PlyCount "73"]

1. e4 e5 2. Nf3 Nc6 3. Bb5 Nf6 4. Nc3 Nd4 5. Ba4 Bc5 6. O-O
O-O 7. h3 d6 8. d3 c6 9. Nxd4 Bxd4 10. Bb3 a5 11. a3 Be6
12. Bxe6 fxe6 13. Qe2 Qe8 14. Be3 Nh5 15. Kh2 Nf4 16. Qg4 Rf6
17. g3 Bxe3 18. fxe3 Nh5 19. Rf3 Qf7 20. Kg2 Rf8 21. Raf1 Rxf3
22. Qxf3 Nf6 23. Nb1 d5 24. Nd2 dxe4 25. Nxe4 Nxe4 26. Qxf7+
Rxf7 27. Rxf7 Kxf7 28. dxe4 h5 29. Kf3 Ke7 30. g4 Kf6 31. Kg3
hxg4 32. Kxg4 Kg6 33. b4 axb4 34. axb4 b5 35. c3 Kh6 36. Kh4
Kg6 37. Kg4 1/2-1/2

[Event "8th Hainan Danzhou"]
[Site "Danzhou CHN"]
[Date "2017.07.12"]
[EventDate "2017.07.09"]
[Round "4"]
[Result "1-0"]
[White "Yu Yangyi"]
[Black "Lu Shanglei"]
[WhiteElo "2753"]
[BlackElo "2638"]
[PlyCount "69"]

1. c4 c6 2. Nf3 d5 3. g3 g6 4. Bg2 Bg7 5. cxd5 cxd5 6. d4 Nc6
7. Nc3 Nf6 8. Ne5 O-O 9. O-O e6 10. Bg5 h6 11. Nxc6 bxc6
12. Bf4 Nd7 13. Qd2 Qb6 14. Rfd1 Ba6 15. Rac1 Rfd8 16. e4 Rac8
17. Na4 Qb5 18. Nc5 Nxc5 19. Rxc5 Qe2 20. Qc1 Qh5 21. a3 g5
22. Be3 Bb5 23. Rd2 Rb8 24. Qc2 Bf8 25. Rc3 Bc4 26. h3 Rb6
27. b3 Ba6 28. Rxc6 dxe4 29. Rxb6 axb6 30. Qxe4 Rc8 31. Kh2
Bd6 32. d5 Bb7 33. Qa4 Rc1 34. Qe8+ Bf8 35. dxe6 1-0

[Event "8th Hainan Danzhou"]
[Site "Danzhou CHN"]
[Date "2017.07.13"]
[EventDate "2017.07.09"]
[Round "5.2"]
[Result "1/2-1/2"]
[White "Le Quang Liem"]
[Black "Arkadij Naiditsch"]
[WhiteElo "2726"]
[BlackElo "2712"]
[PlyCount "97"]

1. d4 Nf6 2. c4 g6 3. Nc3 Bg7 4. e4 d6 5. Be2 O-O 6. Bg5 Na6
7. Qd2 c6 8. Rd1 Nc7 9. Bf3 Be6 10. b3 Qc8 11. h3 b5 12. cxb5
cxb5 13. Nge2 b4 14. Na4 Rb8 15. Rc1 Qd8 16. O-O Bd7 17. Nb2
Bb5 18. Rfd1 Nd7 19. Bxe7 Qxe7 20. Rxc7 Qd8 21. Rc2 Re8
22. Nc4 Nf6 23. Ng3 d5 24. exd5 Nxd5 25. Ne4 Re7 26. Ne5 f5
27. Nc5 Nc3 28. Re1 Qd6 29. Na4 Bxa4 30. bxa4 Rbe8 31. a5 Bxe5
32. dxe5 Qxd2 33. Rxd2 Rxe5 34. Rxe5 Rxe5 35. a6 Ra5 36. Rd8+
Kg7 37. Rd7+ Kf6 38. Rxa7 Rxa2 39. Rb7 Rxa6 40. Rxb4 Re6
41. Rc4 Nb5 42. g3 Rd6 43. Kf1 Nd4 44. Kg2 Nxf3 45. Kxf3 Rd3+
46. Kg2 Rd6 47. Kf3 Rd3+ 48. Kg2 Rd6 49. Kf3 1/2-1/2

[Event "8th Hainan Danzhou"]
[Site "Danzhou CHN"]
[Date "2017.07.15"]
[EventDate "2017.07.09"]
[Round "6.2"]
[Result "1/2-1/2"]
[White "Yu Yangyi"]
[Black "Ruslan Ponomariov"]
[WhiteElo "2753"]
[BlackElo "2699"]
[PlyCount "51"]

1. d4 Nf6 2. c4 e6 3. Nc3 Bb4 4. f3 d5 5. a3 Bxc3+ 6. bxc3 c5
7. cxd5 Nxd5 8. dxc5 Qa5 9. e4 Nf6 10. Be3 O-O 11. Kf2 Nfd7
12. Rb1 Rd8 13. Rb5 Qxa3 14. Ne2 a6 15. Rb4 Qa5 16. Rd4 Nc6
17. Rd6 Nxc5 18. Rxd8+ Nxd8 19. Qd6 Nd7 20. Nd4 Qc5 21. Qg3
Qe5 22. Bf4 Qc5 23. Bh6 Qe5 24. Bf4 Qc5 25. Bh6 Qe5 26. Bf4
1/2-1/2

[Event "8th Hainan Danzhou"]
[Site "Danzhou CHN"]
[Date "2017.07.15"]
[EventDate "2017.07.09"]
[Round "6.4"]
[Result "1/2-1/2"]
[White "Arkadij Naiditsch"]
[Black "Lu Shanglei"]
[WhiteElo "2712"]
[BlackElo "2638"]
[PlyCount "102"]

1. e4 c5 2. Nf3 d6 3. d4 cxd4 4. Nxd4 Nf6 5. Nc3 a6 6. g3 Nc6
7. Bg2 Bd7 8. O-O e6 9. Nce2 Rc8 10. Re1 e5 11. Nf5 d5
12. exd5 Bxf5 13. Nc3 Bg4 14. Qd2 Na5 15. Rxe5+ Be7 16. d6 Nc4
17. Rxe7+ Qxe7 18. dxe7 Nxd2 19. Bxd2 Rc7 20. Bg5 Be6 21. Re1
h6 22. Bxf6 gxf6 23. a4 Kd7 24. f4 f5 25. Re5 Kd6 26. Kf2 Rhc8
27. Bh3 f6 28. Ra5 Kxe7 29. Bxf5 Bxf5 30. Rxf5 Rc5 31. Rxc5
Rxc5 32. Ke3 Ke6 33. Ne2 Kd5 34. Kd3 Rc8 35. b4 a5 36. c3 Rc4
37. bxa5 Rxa4 38. Nd4 Rxa5 39. g4 Ra2 40. h4 Rh2 41. c4+ Kc5
42. Nf5 Rh3+ 43. Ke4 b6 44. g5 fxg5 45. fxg5 hxg5 46. hxg5
Kxc4 47. g6 Rh8 48. Ke5 Rg8 49. Kf6 Kd3 50. Nd6 b5 51. Nxb5
Rxg6+ 1/2-1/2

[Event "8th Hainan Danzhou"]
[Site "Danzhou CHN"]
[Date "2017.07.16"]
[EventDate "2017.07.09"]
[Round "7"]
[Result "1-0"]
[White "Le Quang Liem"]
[Black "Vassily Ivanchuk"]
[WhiteElo "2726"]
[BlackElo "2729"]
[PlyCount "81"]

1. d4 d6 2. c4 g6 3. Nc3 Bg7 4. e4 Nf6 5. Be2 O-O 6. Bg5 Na6
7. Qd2 e5 8. d5 c6 9. f3 cxd5 10. cxd5 Bd7 11. Bxa6 bxa6
12. Nge2 a5 13. b3 Qb6 14. Be3 Qb4 15. O-O Nh5 16. Rfb1 Nf4
17. Qd1 Rfc8 18. a3 Qb7 19. Qd2 f5 20. Nxf4 exf4 21. Bd4 Bxd4+
22. Qxd4 Qb6 23. Qxb6 axb6 24. Rc1 Rc5 25. exf5 Rac8 26. Ne2
Bxf5 27. Re1 g5 28. h4 gxh4 29. Nxf4 Rc3 30. Ne2 R3c5 31. Nf4
Kf7 32. Rad1 Bc2 33. Rd2 Bxb3 34. Re6 Rc4 35. Nh3 Rd8 36. Ng5+
Kg8 37. Re7 Bc2 38. Nf7 Rf8 39. Nxd6 Rc3 40. Nb5 Rc5 41. d6
1-0

[Event "8th Hainan Danzhou"]
[Site "Danzhou CHN"]
[Date "2017.07.17"]
[EventDate "2017.07.09"]
[Round "8"]
[Result "1/2-1/2"]
[White "Vassily Ivanchuk"]
[Black "Yu Yangyi"]
[WhiteElo "2729"]
[BlackElo "2753"]
[PlyCount "73"]

1. e4 e5 2. Nf3 Nf6 3. Nxe5 d6 4. Nf3 Nxe4 5. d4 d5 6. Bd3 Bf5
7. O-O Be7 8. Re1 O-O 9. c4 Nc6 10. cxd5 Qxd5 11. Nc3 Nxc3
12. bxc3 Rae8 13. h3 Bxd3 14. Qxd3 Bd6 15. Rxe8 Rxe8 16. c4
Qe4 17. Qxe4 Rxe4 18. Be3 b6 19. Rb1 Bf4 20. Rb3 Na5 21. Rc3
Bxe3 22. fxe3 c5 23. dxc5 Rxc4 24. Rd3 g6 25. cxb6 axb6
26. Rd8+ Kg7 27. Rb8 Ra4 28. Rxb6 Rxa2 29. Ra6 Ra3 30. Kf2 Nc4
31. Rxa3 Nxa3 32. Ke2 Nb5 33. Kd3 Kf6 34. Kc4 Nd6+ 35. Kd3 Nb5
36. Kc4 Nd6+ 37. Kd3 1/2-1/2

[Event "8th Hainan Danzhou"]
[Site "Danzhou CHN"]
[Date "2017.07.17"]
[EventDate "2017.07.09"]
[Round "8"]
[Result "1-0"]
[White "Arkadij Naiditsch"]
[Black "Ruslan Ponomariov"]
[WhiteElo "2712"]
[BlackElo "2699"]
[PlyCount "117"]

1. e4 e5 2. Nf3 Nc6 3. Bb5 a6 4. Ba4 Nf6 5. O-O Be7 6. d3 b5
7. Bb3 d6 8. a3 O-O 9. Nc3 Bg4 10. Be3 Nd4 11. Bxd4 exd4
12. Nd5 Nd7 13. h3 Bxf3 14. Qxf3 a5 15. c3 dxc3 16. bxc3 c6
17. Nxe7+ Qxe7 18. d4 c5 19. Rfe1 Rab8 20. Re3 b4 21. axb4
axb4 22. dxc5 Ne5 23. Qg3 dxc5 24. Bd5 Rb6 25. f4 Nd7 26. e5
b3 27. c4 b2 28. Rb1 Rfb8 29. e6 fxe6 30. Rxe6 Qxe6 31. Bxe6+
Rxe6 32. Qd3 Nf6 33. Qc2 Reb6 34. Qf5 Ra8 35. Qxc5 Ra1
36. Qxb6 Rxb1+ 37. Kh2 h6 38. g4 Kh8 39. g5 hxg5 40. fxg5 Ng8
41. h4 Rc1 42. Qxb2 Rxc4 43. Kg3 Rc7 44. Qd4 Rc6 45. h5 Re6
46. Qd5 Re7 47. Kg4 Kh7 48. Qd3+ Kh8 49. Qd8 Rf7 50. Qc8 Re7
51. Kf5 Kh7 52. g6+ Kh8 53. h6 gxh6 54. Qc3+ Rg7 55. Kg4 Ne7
56. Kh5 Kg8 57. Qb3+ Kh8 58. Qb8+ Ng8 59. Qb2 1-0

[Event "8th Hainan Danzhou"]
[Site "Danzhou CHN"]
[Date "2017.07.17"]
[EventDate "2017.07.09"]
[Round "8"]
[Result "1/2-1/2"]
[White "Le Quang Liem"]
[Black "Lu Shanglei"]
[WhiteElo "2726"]
[BlackElo "2638"]
[PlyCount "143"]

1. d4 d5 2. c4 e6 3. Nf3 Nf6 4. Nc3 dxc4 5. e4 Bb4 6. Bg5 c5
7. Bxc4 cxd4 8. Nxd4 Qa5 9. Bd2 O-O 10. Nc2 Nc6 11. Nxb4 Qxb4
12. b3 Qe7 13. O-O Rd8 14. Qe1 Ne5 15. Bg5 Qc5 16. Be3 Qc7
17. Nb5 Qb8 18. f3 a6 19. Nd4 Nxc4 20. bxc4 e5 21. Nb3 Be6
22. Na5 Rd3 23. Rb1 b5 24. Nc6 Qc7 25. Nb4 Ra3 26. Qc1 Qa5
27. Bd2 Qa4 28. Nd5 Bxd5 29. Rb4 Bxc4 30. Rxa4 Rxa4 31. Rd1
Rxa2 32. Bc3 Re8 33. Rd2 Ra4 34. Qd1 Ra3 35. Bb2 Ra2 36. Bc3
Ra3 37. Bb2 Ra2 38. Ba1 Ra3 39. Rd8 Bb3 40. Rxe8+ Nxe8 41. Qc1
b4 42. Bb2 Ra2 43. Qc6 Ba4 44. Qxa6 Rxb2 45. Qxa4 Kf8 46. Qa5
Rd2 47. Qxb4+ Rd6 48. f4 Kg8 49. Qb5 Re6 50. f5 Re7 51. Qc5
Kf8 52. g4 Nf6 53. g5 Nxe4 54. Qd5 Nxg5 55. Qd8+ Re8 56. Qxg5
f6 57. Qh5 h6 58. Qg6 Rd8 59. Qh7 Rd4 60. Qh8+ Kf7 61. Qc8 Rf4
62. Kg2 Rd4 63. Kf3 Rf4+ 64. Ke3 Rd4 65. Qe6+ Kf8 66. Qa2 Rf4
67. Qa8+ Kf7 68. Qd5+ Kf8 69. Qd8+ Kf7 70. Qd5+ Kf8 71. Qd8+
Kf7 72. Qd5+ 1/2-1/2

[Event "8th Hainan Danzhou"]
[Site "Danzhou CHN"]
[Date "2017.07.18"]
[EventDate "2017.07.09"]
[Round "9"]
[Result "1/2-1/2"]
[White "Lu Shanglei"]
[Black "Vassily Ivanchuk"]
[WhiteElo "2638"]
[BlackElo "2729"]
[PlyCount "54"]

1. e4 e5 2. Nf3 Nc6 3. Bc4 Nf6 4. d3 Be7 5. O-O O-O 6. Nc3 d6
7. a3 h6 8. h3 Re8 9. Nh2 Be6 10. Ng4 Bxc4 11. dxc4 Nxg4
12. Qxg4 Bg5 13. Nd5 Bxc1 14. Raxc1 Nd4 15. c3 Ne6 16. h4 Kh8
17. Rcd1 Qc8 18. Rfe1 Nf4 19. Qxc8 Raxc8 20. Nxf4 exf4 21. Rd5
g6 22. f3 Kg7 23. Red1 b6 24. Kf2 Kf6 25. Kf1 Kg7 26. Kf2 Kf6
27. Kf1 Kg7 1/2-1/2